City traffic law enforcement in texas (Record no. 501374)

000 -LEADER
fixed length control field 00405cam a22001337a 4500
008 - FIXED-LENGTH DATA ELEMENTS--GENERAL INFORMATION
fixed length control field 180718b1957 xxu||||| |||| 00| 0 eng d
082 ## - DEWEY DECIMAL CLASSIFICATION NUMBER
Classification number W403x764 T312
100 ## - MAIN ENTRY--PERSONAL NAME
Personal name Thompson, John T.
245 ## - TITLE STATEMENT
Title City traffic law enforcement in texas
Statement of responsibility, etc. by John T. Thompson
260 ## - PUBLICATION, DISTRIBUTION, ETC.
Place of publication, distribution, etc. Austin
Name of publisher, distributor, etc. Institute of Public Affairs
Date of publication, distribution, etc. 1957
300 ## - PHYSICAL DESCRIPTION
Extent 54p.
650 ## - SUBJECT ADDED ENTRY--TOPICAL TERM
Topical term or geographic name entry element Traffic police --Texas
650 ## - SUBJECT ADDED ENTRY--TOPICAL TERM
Topical term or geographic name entry element Traffic safety --Texas
Holdings
Withdrawn status Lost status Damaged status Not for loan Permanent Location Current Location Date acquired Full call number Barcode Date last seen Price effective from Koha item type
        Indian Institute of Public Administration Indian Institute of Public Administration 2018-08-04 W403x764 T312 GR2969 2018-08-04 2018-08-04 GR

Powered by Koha